Kaz Bałagane - Lot022 - Statystyki

Ogólne statystyki
  • Ten quiz został rozwiązany 8 razy
  • Średni wynik to 6 z 9
Statystyki odpowiedzi
Lot022 % Poprawnych
Dr. Traphouse
100%
Lot 022
100%
Mefedronowe love
83%
Najwyższy czas
83%
Odloty.pl
67%
Byłem tam
50%
Widzę więcej
50%
Zakochany kundel
50%
Nic do stracenia
33%
Nie znaleziono quizów pasujących do podanych kryteriów
Rozkład punktacji
Procent ludzi z każdym wynikiem
Percentyl według liczby udzielonych odpowiedzi
Twoja historia wyników
Nie rozwiązałeś tego quizu